000 00885nam a22002537a 4500
008 081008t xxu||||| |||| 00| 0 eng d
010 _aENG-91220
020 _a9788184550474
_c695.00
035 _aEN-74753
037 _bDBAD / PUB
040 _adpl
_bEnglish
082 _a659.1
100 _aJagdish Chandra
245 _aAdvertisement management /
_cby Jagdish Chandra
260 _aNew Delhi
_bOmega Publications
_c2008
270 _a4398/5, Ansari Road, Daryaganj
_bNew Delhi
_e110002
300 _av, 288p.
_c22cm (Hb)
500 _aIncludes index
650 _aAdvertising
650 _aMarketing management
650 _aManagement
942 _2ddc
_cEN
_mJAG
_h659.1
999 _c16389
_d16389